00417nam a2200169Ia 4500008004100000020001800041050001400059100002200073245003700095245002500132260001500157260001600172260000900188300001600197300002600213500000800239170918s9999 xx 000 0 und d a9780545021340 bS857 2007 aStilton, Geronimo aGeronimo Stilton, secret agent / cby Geronimo Stilton. aNew York : bScholastic, c2007 a109 pages : bcolor illustrations ; a490